| 000 | 00000nam##2200000za#4500 |
| 001 | 9.615192 |
| 003 | CaOODSP |
| 005 | 20220623092436 |
| 007 | ta |
| 008 | 150406|2001||||xxc||||| f|0| 0 eng|d |
| 020 | |a0-662-28964-1 |
| 022 | |a0825-365X |
| 040 | |aCaOODSP|beng |
| 043 | |an-cn--- |
| 086 | 1 |aR61-2/8-11E |
| 110 | 1 |aCanada.|bCanadian Heritage. |bParks Canada. |
| 245 | 10|aOil impacts on cold-water marine resources : |ba review relevant to Parks Canada's evolving marine mandate / |cby N. A. Sloan. |
| 260 | |aOttawa - Ontario : |bCanadian Heritage. |c2001. |
| 300 | |aiii, 67p. : |breferences, tables ; |c28 cm. |
| 490 | 1 |aOccasional paper|x0825-365X|vNo. 11 |
| 500 | |a"This review provides a brief current account of the effects of oil pollution relevant to the new stewardship mandate of Parks Canada for representative Canadian cold-water ocean and estuarine ecosystems"--Executive summary. |
| 520 | 3 |aThis review provides a brief current account of the effects of oil pollution relevant to the new stewardship mandate of Parks Canada for representative Canadian cold-water ocean and estuarine ecosystems--Executive summary |
| 563 | |aSoftcover |
| 590 | |a01-40|b2001-10-05 |
| 690 | 07|aMarine ecosystems|2gcpds |
| 690 | 07|aOil spills|2gcpds |
| 720 | 1 |aSloan, N. A. |
| 776 | 0#|tOil impacts of cold-water marine resources : |w(CaOODSP)9.576152 |
| 830 | #0|aOccasional paper (Canada. Industry Canada)|x0825-365X|vNo. 11|w(CaOODSP)9.514871 |